demi lovato songs - Statistics

General Stats
  • This quiz has been taken 718 times
  • The average score is 9 of 13
Answer Stats
Hint Answer % Correct
really don't care
94%
neon lights
94%
made in the u.s.a
94%
la la land
91%
heart attack
90%
the gift of a friend
78%
everything you're not
71%
don't forget
68%
fire starter
65%
me, myself and time
56%
brand new day
49%
hold up
41%
different summers
30%
No matching quizzes found
Score Distribution
Percent of People with Each Score
Percentile by Number Answered
Your Score History
You have not taken this quiz